000
00262nam a22001217a 4500
082
_a
822
_b
SHA/J
100
_a
SHAKESPEARE,WILLIAM
245
_a
JULIUS CAESAR
260
_a
AUSTRALIA
_b
DAVID MCKAY
_c
1999
300
_a
176
650
_a
PLAY
_z
AUSTRALIA
942
_c
BK
999
_c
3540
_d
3540